书目信息 |
| 题名: |
“5·12”汶川特大地震灾后师生心理援助应急机制研究
|
|
| 作者: | 吉文昌 , 曾宁波 著 | |
| 分册: | ||
| 出版信息: | 北京 教育科学出版社 2011.02 |
|
| 页数: | 196页 | |
| 开本: | 26cm | |
| 丛书名: | ||
| 单 册: | ||
| 中图分类: | B845.67 | |
| 科图分类: | ||
| 主题词: | 地震灾害--教师--心理干预--研究 , 地震灾害--学生--心理干预--研究 , 地震灾害 , 教师 , 心理干预 , 学生 | |
| 电子资源: | ||
| ISBN: | 978-7-5041-5518-4 | |
| 000 | 01151nam0 2200313 45 | |
| 001 | 512 | |
| 005 | 20120531150720.04 | |
| 010 | @a978-7-5041-5518-4@dCNY30.00 | |
| 100 | @a20120328d2011 em y0chiy50 ea | |
| 101 | 0 | @achi |
| 102 | @aCN@b110000 | |
| 105 | @aak z 000yy | |
| 106 | @ar | |
| 200 | 1 | @a“5·12”汶川特大地震灾后师生心理援助应急机制研究@A“5·12” Wen Chuan Te Da Di Zhen Zai Hou Shi Sheng Xin Li Yuan Zhu Ying Ji Ji Zhi Yan Jiu@f吉文昌,曾宁波等著@FJi Wen Chang, Zeng Ning Bo Deng Zhu |
| 210 | @a北京@c教育科学出版社@d2011.02 | |
| 215 | @a196页@c图,照片@d26cm | |
| 300 | @a国家社会科学基金“十一五”规划课题 | |
| 330 | @a本书分为5章,主要内容包括:导论;灾后师生心理危机预警;灾后师生心理援助应急决策与动员;灾后师生心理援助行动模式;灾后师生心理援助人才机制建设。 | |
| 606 | 0 | @a地震灾害@x教师@x心理干预@x研究 |
| 606 | 0 | @a地震灾害@x学生@x心理干预@x研究 |
| 606 | 0 | @a地震灾害 |
| 606 | 0 | @a教师 |
| 606 | 0 | @a心理干预 |
| 606 | 0 | @a学生 |
| 690 | @aB845.67@v4 | |
| 701 | 0 | @a吉文昌@AJi Wen Chang@4著 |
| 701 | 0 | @a曾宁波@AZeng Ning Bo@4著 |
| 801 | 0 | @aCN@bTSTCL@c20120328 |
| 905 | @b0813235-39@dB845.67@e1072@f5 | |
| “5·12”汶川特大地震灾后师生心理援助应急机制研究/吉文昌,曾宁波等著.-北京:教育科学出版社,2011.02 |
| 196页:图,照片;26cm |
| 国家社会科学基金“十一五”规划课题 |
| ISBN 978-7-5041-5518-4:CNY30.00 |
| 本书分为5章,主要内容包括:导论;灾后师生心理危机预警;灾后师生心理援助应急决策与动员;灾后师生心理援助行动模式;灾后师生心理援助人才机制建设。 |
| ● |
| 相关链接 |
|
|
|
|
正题名:"5·12"汶川特大地震灾后师生心理援助应急机制研究
索取号:B845.67/1072
 
预约/预借
| 序号 | 登录号 | 条形码 | 馆藏地/架位号 | 状态 | 备注 |
| 1 | 0813235 | 208132359 | 第一样本阅览室/ [索取号:B845.67/1072] | 在馆 | |
| 2 | 0813236 | 208132368 | 第一借阅区/ [索取号:B845.67/1072] | 在馆 | |
| 3 | 0813237 | 208132377 | 第一借阅区/ [索取号:B845.67/1072] | 在馆 | |
| 4 | 0813238 | 208132386 | 第一借阅区/ [索取号:B845.67/1072] | 在馆 | |
| 5 | 0813239 | 208132395 | 第一借阅区/ [索取号:B845.67/1072] | 在馆 |